Siratun Nabi, Vol-2 : / سیرۃ النبی (Record no. 29668)

MARC details
000 -LEADER
fixed length control field 00433nam a22001697a 4500
003 - CONTROL NUMBER IDENTIFIER
control field BDDh-ASL
005 - DATE AND TIME OF LATEST TRANSACTION
control field 20231015031043.0
008 - FIXED-LENGTH DATA ELEMENTS--GENERAL INFORMATION
fixed length control field 221205n xx ||||| |||| 00| 0 urd d
040 ## - CATALOGING SOURCE
Original cataloging agency BDDh-ASL
Transcribing agency BDDh-ASL
041 ## - LANGUAGE CODE
Language code of text/sound track or separate title urd
082 ## - DEWEY DECIMAL CLASSIFICATION NUMBER
Classification number 297
Item number NOS
100 1# - MAIN ENTRY--PERSONAL NAME
Personal name Nomani, Shibli
9 (RLIN) 4560
245 10 - TITLE STATEMENT
Title Siratun Nabi, Vol-2 : / سیرۃ النبی
300 ## - PHYSICAL DESCRIPTION
Extent 351 p. :
Dimensions 32 cm.
650 #0 - SUBJECT ADDED ENTRY--TOPICAL TERM
Topical term or geographic name entry element Sirat (Islam)
9 (RLIN) 6470
942 ## - ADDED ENTRY ELEMENTS (KOHA)
Source of classification or shelving scheme Dewey Decimal Classification
Koha item type Books
Holdings
Withdrawn status Lost status Source of classification or shelving scheme Damaged status Not for loan Collection code Home library Current library Shelving location Date acquired Source of acquisition Serial Enumeration / chronology Total Checkouts Full call number Barcode Date last seen Copy number Price effective from Koha item type Public note
    Dewey Decimal Classification   Not For Loan Non-fiction Asiatic Society Library Asiatic Society Library General Stacks 12/05/2022 ASB Collections U-1221   297 NOS 117892 12/05/2022 C-1 12/05/2022 Books Y-0000

Powered by Koha